Kisbolygót neveztek el Karikó Katalinról az SZTE csillagászai
Elmentve itt :
| Dokumentumtípus: | Cikk |
|---|---|
| Megjelent: |
2021-12-06
|
| Sorozat: | SzegedMa.hu
|
| Kulcsszavak: | Volt egyetemi hallgató - Karikó Katalin - egyetemi tanár - BioNTech alelnöke, Kutatás - Pfizer-BioNTech közös vakcinafejlesztés, Járvány - koronavírus, Járványügyi védekezés - koronavírus - vakcina - Pfizer-BioNTech - védőoltás, Kitüntetés, Névadás - kisbolygó - "Karikókatalin", Csillagászok - Sárneczky Krisztián - Heiner Zsuzsanna, SZTE Fizikus Doktori Iskola, Természettudományi és Informatikai Kar - TTIK, Kisbolygókutatás, Szeged Asteorid Program |
| Online Access: | http://univ.bibl.u-szeged.hu/60892 |
| LEADER | 01112nab a2200157 i 4500 | ||
|---|---|---|---|
| 001 | univ60892 | ||
| 005 | 20220509155506.0 | ||
| 008 | 211207s2021 hu o 0|| hun d | ||
| 040 | |a SZTE UnivHistória Repozitórium |b hun | ||
| 041 | |a hun | ||
| 245 | 0 | 0 | |a Kisbolygót neveztek el Karikó Katalinról az SZTE csillagászai |h [elektronikus dokumentum] |
| 260 | |c 2021-12-06 | ||
| 490 | 0 | |a SzegedMa.hu | |
| 561 | |a Karikó Katalin sajtóarchívum | ||
| 695 | |a Volt egyetemi hallgató - Karikó Katalin - egyetemi tanár - BioNTech alelnöke, Kutatás - Pfizer-BioNTech közös vakcinafejlesztés, Járvány - koronavírus, Járványügyi védekezés - koronavírus - vakcina - Pfizer-BioNTech - védőoltás, Kitüntetés, Névadás - kisbolygó - "Karikókatalin", Csillagászok - Sárneczky Krisztián - Heiner Zsuzsanna, SZTE Fizikus Doktori Iskola, Természettudományi és Informatikai Kar - TTIK, Kisbolygókutatás, Szeged Asteorid Program | ||
| 856 | 4 | 0 | |u http://univ.bibl.u-szeged.hu/60892/1/Kisbolyg%C3%B3t%20neveztek%20el%20Karik%C3%B3%20Katalinr%C3%B3l%20az%20SZTE%20csillag%C3%A1szai%20_%20Szeged%20Ma.pdf |z Dokumentum-elérés |